[Event "IRQ-chT 29th"]
[Site "Baghdad"]
[Date "2017.03.24"]
[Round "9"]
[White "Al Saadi, Jumaa A Gatea"]
[Black "Haleem, HAAL Jebawy"]
[Result "1-0"]
[WhiteElo "2094"]
[BlackElo "1965"]
[PlyCount "55"]
[EventDate "2017.03.09"]
[EventType "team-match"]
[EventRounds "11"]
[EventCountry "IRQ"]
[SourceTitle "CBM 177 Extra"]
[Source "ChessBase"]
[SourceDate "2017.04.27"]
[SourceVersion "1"]
[SourceVersionDate "2017.04.27"]
[SourceQuality "1"]
[WhiteTeam "Al Kahraba"]
[BlackTeam "Ishtar"]
[WhiteTeamCountry "IRQ"]
[BlackTeamCountry "IRQ"]

1. d4 d5 2. c4 e6 3. Nc3 Nf6 4. cxd5 exd5 5. Bg5 Be7 6. Nf3 Nbd7 7. e3 h6 8. Bh4 c6 9. Qc2 0-0 10. Bd3 Re8 11. 0-0 Ne4 12. Bxe7 Qxe7 13. Rab1 Ndf6 14. Ne5 Ng5 15. b4 Qd6 16. Ne2 Rxe5 17. dxe5 Qxe5 18. Qc3 Qd6 19. Ng3 h5 20. f4 Ne6 21. Rfd1 Ng4 22. Be2 g6 23. Bxg4 hxg4 24. Ne4 Qc7 25. Nf6+ Kf8 26. g3 b6 27. Rbc1 Bb7 28. Nxd5 1-0